Obras escogidas / (Record no. 146985)

MARC details
000 -LEADER
campo de control de longitud fija 00925nam a2200217 i 4500
001 - NÚMERO DE CONTROL
campo de control 146985
003 - IDENTIFICADOR DE NÚMERO DE CONTROL
campo de control ES-MaACL
005 - FECHA Y HORA DE LA ÚLTIMA TRANSACCIÓN
campo de control 20240524062959.0
007 - CAMPO FIJO DE DESCRIPCIÓN FÍSICA--INFORMACIÓN GENERAL
campo de control de longitud fija t|
008 - DATOS DE LONGITUD FIJA--INFORMACIÓN GENERAL
campo de control de longitud fija 070920s1957 sp ||||1| spa d
080 ## - NÚMERO DE LA CLASIFICACIÓN DECIMAL UNIVERSAL
Número de la Clasificación Decimal Universal 891.7-3"18"
100 1# - ENTRADA PRINCIPAL--NOMBRE DE PERSONA
Nombre de persona Turguenev, Ivan Sergueevich,
Fechas asociadas al nombre 1818-1883
9 (RLIN) 133416
245 10 - MENCIÓN DEL TÍTULO
Título Obras escogidas /
Mención de responsabilidad, etc. Ivan Serguievich Turgueniev ; versión directa del ruso, prólogo y notas de R. Cansinos Asséns.
250 ## - MENCION DE EDICION
Mención de edición [2ª ed.].
260 ## - PUBLICACIÓN, DISTRIBUCIÓN, ETC.
Lugar de publicación, distribución, etc. Madrid :
Nombre del editor, distribuidor, etc. Aguilar,
Fecha de publicación, distribución, etc. 1957.
300 ## - DESCRIPCIÓN FÍSICA
Extensión 1394 p. :
Otras características físicas il. ;
Dimensiones 14 cm.
500 ## - NOTA GENERAL
Nota general Retrato del autor.
505 8# - NOTA DE CONTENIDO CON FORMATO
Nota de contenido con formato Contiene: Prólogo. [Iván S. Turgueniev (1818-1883) por R. Cansinos Asséns]. -- Rudin. Novela.-- Nido de nobles. Novela.-- Padres e hijos. Novela.-- Aguas de Primavera. Novela.-- Memorias de un cazador.-- Un mes en la aldea. Comedia en cinco actos.
852 ## - LOCALIZACIÓN
Ubicación ES-MaACL
Número de control de estantería C-8077
Sublocalización o colección R.40763
Holdings
Estatus retirado Estado de pérdida Estado de daño No para préstamo Biblioteca de origen Biblioteca actual Ubicación en estantería Fecha de adquisición Fuente de adquisición Total de préstamos Signatura topográfica completa Código de barras Visto por última vez Precio de reemplazo Tipo de ítem Koha
        Biblioteca del Ateneo de Madrid Biblioteca del Ateneo de Madrid Sala Palomar 17/01/2008     C-8077 1153398 23/02/2023 23/02/2023 Libro impreso